| Поле | Инд. | ПП | Название | Значение |
|---|---|---|---|---|
| Тип записи | a | |||
| Библиографический уровень | b | |||
| 001 | Контрольный номер | UNIDUBNA6030026801014fd88c6052be4bc51686 | ||
| 005 | Дата корректировки | 20260514100538.5 | ||
| 008 | Кодируемые данные | 20170331 | ||
| 040 | b | Код языка каталог. | rus | |
| e | Правила каталог. | PSBO | ||
| 041 | 0_ | a | Код языка текста | rus |
| 084 | a | Индекс другой классификации/Индекс ББК | 63.3(2)634-3ю14 | |
| 100 | 1_ | a | Автор | Базанов П. |
| e | Роль лиц | Базанов Петр | ||
| 245 | 10 | a | Заглавие | "О чем можно писать после Чернобыля? О Чернобыле..." |
| b | Продолж. заглавия | Правда и ложь о трагедии глазами современников | ||
| 500 | a | Примечание | Тема номера: 40 лет Чернобылю | |
| 520 | 0_ | a | Аннотация | В публикации даются очень ценные для истории материалы. Представлены выдержки из дневников самых разных людей, современников весны - осени 1986 года. Авария на Чернобыльской АЭС - их глазами. |
| 600 | 14 | a | Персоналии | Амосов Николай Михайлович |
| a | Персоналии | Воротников Виталий Иванович | ||
| a | Персоналии | Дедков Игорь Александрович | ||
| a | Персоналии | Копелев Лев Зиновьевич | ||
| a | Персоналии | Остерман Лев Абрамович | ||
| a | Персоналии | Печко Дмитрий | ||
| a | Персоналии | Тарковский Андрей Арсеньевич | ||
| a | Персоналии | Яцкевич Владимир | ||
| 650 | 14 | a | Основная рубрика | внутренняя политика |
| a | Основная рубрика | история | ||
| 653 | 0_ | a | Ключевые слова | XX век |
| a | Ключевые слова | авария на Чернобыльской АЭС | ||
| a | Ключевые слова | атомные электростанции (АЭС) | ||
| a | Ключевые слова | ликвидаторы последствий аварии на ЧАЭС | ||
| a | Ключевые слова | международные отношения | ||
| a | Ключевые слова | общественное мнение | ||
| a | Ключевые слова | пожарные | ||
| a | Ключевые слова | последствия чернобыльской катастрофы | ||
| a | Ключевые слова | Припять | ||
| a | Ключевые слова | Россия | ||
| a | Ключевые слова | советский период | ||
| a | Ключевые слова | СССР | ||
| a | Ключевые слова | Украина | ||
| a | Ключевые слова | Чернобыль | ||
| a | Ключевые слова | чернобыльская авария 26 апреля 1986 | ||
| a | Ключевые слова | Чернобыльская АЭС | ||
| a | Ключевые слова | чернобыльская зона отчуждения | ||
| a | Ключевые слова | чернобыльцы | ||
| a | Ключевые слова | эвакуация населения | ||
| 773 | 08 | t | Заглавие источника | Родина |
| d | Дата издания источника | 2026 | ||
| g | Прочая информация | № 4. - С. 24 - 29 : фот., ил. | ||
| w | Контрольный № источника | UNIDUBNAd3f1dc7f83864c1389850c509fe509f0 | ||
| 901 | t | Тип документа | b |